[Event "Hoogeveen Essent Crown 11th"]
[Site "Hoogeveen"]
[Date "2007.10.14"]
[Round "1"]
[White "Mamedyarov, Shakhriyar"]
[Black "Van Wely, Loek"]
[Result "1-0"]
[WhiteElo "2752"]
[BlackElo "2680"]
[Annotator "Ftacnik,L"]
[PlyCount "81"]
[EventDate "2007.10.14"]
[EventType "tourn"]
[EventRounds "6"]
[EventCountry "NED"]
[EventCategory "17"]
[SourceTitle "CBM 121"]
[Source "ChessBase"]
[SourceDate "2007.11.14"]
[SourceVersion "1"]
[SourceVersionDate "2007.11.14"]
[SourceQuality "1"]

1. d4 Nf6 2. c4 e6 3. Nf3 d5 4. Bg5 h6 5. Bxf6 Qxf6 6. Nc3 c6 7. e3 Nd7 8. Bd3
g6 9. O-O Bg7 10. Rc1 O-O 11. e4 dxc4 12. Bxc4 Rd8 13. e5 Qe7 14. Re1 b6 {
Black should be facing good prospects with his bishop pair, but he is behind
in development and White enjoys excellent control of the centre.} (14... b5 15.
Bd3 Bb7 16. Ne4 c5 17. Nxc5 {1/2-1/2/ Khalifman-Huzman (Amsterdam 1995)} Nxc5
18. Rxc5 (18. dxc5 Qc7 $14) 18... a6 19. Rc2 $1 Bxf3 (19... Ra7 20. Be4 $16)
20. Qxf3 Ra7 21. Re4 Rad7 22. Qe3 $16) 15. Qe2 a6 $146 (15... c5 16. d5 Bb7 17.
Qc2 g5 18. h3 Rac8 19. Rcd1 exd5 20. Nxd5 Bxd5 21. Bxd5 Nf8 22. h4 Rd7 23. hxg5
hxg5 24. Qf5 Rcd8 25. e6 {1-0 Sulypa,A (2478)-Rogule,L (2316)/Olomouc 2007 (60)
}) (15... Rb8 16. Bd3 $1 (16. Ba6 $5 c5 17. d5 (17. Bxc8 Rbxc8 18. d5 exd5 19.
Nxd5 Qe6 20. Nf4 Qf5) 17... Bxa6 18. Qxa6 exd5 19. Nxd5 Qe6 20. Nc7 Qc6 21. Nb5
Nf8 22. Nxa7 Qa8) 16... Bb7 (16... c5 $2 17. d5) 17. Be4 Nf8 (17... c5 $5 18.
Bxb7 (18. d5 exd5 19. Bxd5 (19. Nxd5 Bxd5 20. Bxd5 Nxe5 21. Bxf7+ Kxf7 22.
Nxe5+ Qxe5 23. Qxe5 Bxe5 24. Rxe5 Rd2 $17) 19... Bxd5 (19... Nf8 $10) 20. Nxd5
Qe6 $10) 18... Rxb7 19. Qe4 (19. d5 exd5 20. Nxd5 Qe6 21. Nf4 Qf5 22. Qa6 Rbb8
23. Nd5 Qe6 24. Nc7 Qc6 25. Nb5 Nf8 26. Nxa7 Qa8 27. Qa3 Ne6 {/\28...b5} 28.
Nb5 Qxa3 29. Nxa3 (29. bxa3 Ra8 $44) 29... b5 $44) (19. Nb5 cxd4 20. Nbxd4 $16
(20. Nd6 Rbb8 21. Rc7 $16)) 19... Rbb8 20. d5 exd5 21. Nxd5 Qe8 $14) (17... b5
18. Qe3 Rdc8 19. Nd2 Qf8 20. f4 a6 21. Qf3 Ba8 22. a3 c5 23. d5 exd5 24. Bxd5
b4 25. Ncb1 Bxd5 26. Qxd5 Nb6 27. Qf3 c4 28. Ne4 c3 29. bxc3 bxa3 {0-1 Bacrot,
E (2555)-Godena,M (2510)/Elista 1998 (43)}) 18. g3 (18. Qe3 Rbc8 19. Ne2 c5 20.
Bxb7 Qxb7 21. dxc5 Rxc5 22. Rxc5 bxc5 23. Qc3 Qb5 24. h4 Qa4 25. Qxc5 Qxa2 26.
b4 Rd5 27. Qc3 {1/2 Novikov,I (2545)-Maksimenko,A (2500)/Donetsk 1998}) 18...
Rbc8 19. a3 Rc7 (19... c5 20. Bxb7 Qxb7 21. Ne4 Qd5 (21... cxd4 $1 22. Nd6 Rxd6
23. exd6 (23. Rxc8 Qxc8 24. exd6 Qc6 $44) 23... Rxc1 24. Rxc1 Qd5 25. Ne1 $1
Qxd6 26. Qa6 $13) 22. Nd6 Rb8 23. Red1 $16) 20. Red1 c5 21. Bxb7 Rxb7 22. Ne4
Rc7 (22... cxd4 23. Nd6 (23. Nxd4 Rd5 24. Nc6 $16) (23. Nxd4) 23... Rc7 (23...
Rbd7 24. Nxd4 $18) 24. Rxc7 Qxc7 25. Rxd4 $16) 23. dxc5 Rxd1+ 24. Rxd1 bxc5 {
/\g6-g5,Nf8-g6} 25. h4 (25. Nd6) 25... Nd7 (25... Rb7 $5 26. Nd6 Rb3 27. Rd3
Rxd3 28. Qxd3 Nd7 29. Nc4 (29. Nc8 Qe8 30. Nxa7 Nxe5 31. Nxe5 Bxe5 32. b3 Bd4)
29... Nb6 30. Na5 $14) 26. Nd6 Nb6 (26... Rc6 $5) 27. Nd2 {1-0 Ivanchuk,V 
(2730)-Kramnik,V (2765)/Novgorod 1996/ (40)}) (15... Bb7 16. Ba6 Rab8 (16...
Bxa6 17. Qxa6 {/\Nc3-e4+/-}) 17. Bxb7 Rxb7 18. Ne4 $16 {><c6} (18. a3 c5 19.
Qe4 Rbb8 20. Nb5 cxd4 21. Nbxd4 Qe8 22. b4 Rbc8 23. Nc6 Nc5 24. Nxd8 Nxe4 25.
Rxc8 {1-0 Sadler,M (2650)-Van Wely,L (2605)/Monte Carlo 1998 (38)})) 16. Bd3
Bb7 17. Be4 {[%mdl 4] Despite Black's novelty, the problems of the position
are similar to the games quoted. Black needs to play with the utmost care.}
Rab8 18. Na4 c5 (18... Qb4 $6 19. b3 (19. Qc2 c5 20. Bxb7 Rxb7 21. Rcd1 cxd4
22. Rxd4 Qe7 23. Red1 Rdb8 24. Qe4 Rc7 25. Nc3 $14) 19... Rbc8 20. Nb2 $16) 19.
Bxb7 Rxb7 20. Qxa6 (20. dxc5 Nxc5 21. Nxc5 bxc5 22. b3 Rb5 $14) 20... Nb8 21.
Qe2 $5 {Van Wely has managed to lure the white knight to a4 and his activity
in the centre has better chances to succeed.} (21. Qd3 cxd4 22. Red1 Rd5 23.
Qe4 Nd7 24. Rxd4 Nxe5 25. Rxd5 exd5 26. Qxd5 Rd7 $11) 21... cxd4 22. Red1 Qb4 (
22... Rc7 23. Nxb6 d3 24. Qd2 Rxc1 25. Qxc1 $16) 23. b3 $2 {Mamedyarov has for
some reason failed to find a refutation of the Qb4 idea.} (23. Rc4 $1 Qb5 24.
Nc3 Qa6 25. b4 $16) 23... Qa5 $1 (23... Rbd7 24. Nb2 Rd5 25. Nd3 Qa3 26. Rc4
$14) 24. Qd2 (24. Nb2 Qxa2 25. Nxd4 Bxe5 26. Ra1 Qxa1 27. Rxa1 Bxd4 28. Rd1
Rbd7 $11) 24... Qa7 $2 {Van Wely must have been under the impression, that he
had solved all his problems. At the same time the correct exchange of the
queens would have promised slightly better chances.} (24... Qxd2 $1 25. Rxd2
Rd5 26. Rxd4 Rxd4 27. Rc8+ Kh7 28. Nxd4 Bxe5 29. Nf3 Bg7 $15) 25. Nc3 $1 b5 26.
Ne4 Rc7 (26... Rbd7 27. Nf6+ Bxf6 28. exf6 Kh7 29. Ne5 Rd5 30. Re1 $16) 27. Nd6
Rxc1 28. Rxc1 Nd7 (28... Bxe5 $2 29. Nxe5 Rxd6 30. Qf4 $1 Rd8 31. Nxg6 $18) (
28... Qb6 29. Qf4 Rf8 30. Qe4 $16) 29. Nxb5 $6 {Supergranmasters are grappling
with the intricacies of the position. Better chances to get real advantage
were hidden in the line with 29.Qxd4!?} (29. Qxd4 $5 Qxd4 30. Nxd4 Bxe5 31.
N4xb5 $16) 29... Qb6 (29... Qb8 30. Nbxd4 Nxe5 31. Qc2 Nxf3+ 32. Nxf3 $16) 30.
Nbxd4 Nxe5 31. Qe2 Ng4 $6 (31... Rd5 $5 32. h3 $14) (31... Rxd4 32. Nxe5 Rd5
33. Nc4 $16) 32. Nc6 Ra8 33. h3 (33. b4 Ra4 34. h3 Nf6 35. Nfe5 $16) 33... Nf6
34. Nce5 (34. Nfe5 Qb7 35. Rc4 $16) 34... Nd5 35. Rc6 Qb7 (35... Qa5 36. a4 $16
) 36. Rd6 $2 {Mamedyarov makes a provocative move, but his opponent did not
grab his chance to equalise!} (36. Rc2 $16) 36... Nf6 (36... Nf4 $1 37. Qe3
Bxe5 38. Qxe5 Nxh3+ 39. Kf1 g5 $13) 37. Qc2 Qb4 $2 {This weak move with be
expensive as Black is losing the f7-pawn and the game.} (37... Qb8 38. Rc6 Nd5
39. Nd3 $16) 38. Qc7 Rf8 39. Rd8 Rxd8 40. Qxd8+ Kh7 (40... Qf8 41. Qxf8+ Kxf8
42. a4 $16) 41. Nxf7 (41. Nxf7 Qa3 42. Qd2 $18) 1-0

[Event "Horgen"]
[Site "Horgen"]
[Date "1995.10.29"]
[Round "8"]
[White "Kasparov, Garry"]
[Black "Kortschnoj, Viktor Lvovich"]
[Result "1-0"]
[WhiteElo "2795"]
[BlackElo "2635"]
[Annotator "Ftacnik,L"]
[PlyCount "53"]
[EventDate "1995.10.??"]
[EventType "tourn"]
[EventRounds "11"]
[EventCountry "SUI"]
[EventCategory "17"]
[SourceTitle "CBM 050"]
[Source "ChessBase"]
[SourceDate "1996.02.01"]
[SourceVersion "1"]
[SourceVersionDate "1996.02.01"]
[SourceQuality "1"]

1. Nf3 {King} Nf6 2. c4 e6 3. Nc3 d5 4. d4 c6 5. Bg5 h6 6. Bh4 dxc4 7. e4 Bb4 {
Kortschnoj has no chance to compete with Kasparov in the sharp theoretical
lines, since the level of their knowledge in the forced lines is simply too
great. This is the reason why he is trying something else.} (7... g5 8. e5 (8.
Bg3 Qa5 9. Bxc4 Nxe4 10. O-O Nxg3 11. fxg3 Bg7 12. Ne4 Qd8 13. Kh1 b6 14. Qe2
O-O 15. Rad1 Nd7 16. Ne5 Qc7 17. Nxf7 Rxf7 18. Rxf7 Kxf7 19. Nxg5+ {1-0/Gruber,
S-Negyesy,G/Budapest/1931/}) 8... Nd5 9. Bg3 Bb4 (9... b5 10. a4 Bb4 11. Qc1
Qb6 12. Be2 g4 13. Nd2 Qxd4 14. axb5 Nxc3 15. bxc3 Bxc3 16. Rb1 cxb5 17. Rxb5
Nc6 18. Bf4 Ba6 19. Rb1 Rd8 {0-1/Lundkvist,D-Thorhallsson,T/Gausdal PG (01)/
1991/}) 10. Rc1 Qa5 11. Bxc4 Nxc3 12. bxc3 Bxc3+ 13. Kf1 Bb4 14. h4 g4 15. Nh2
h5 16. f3 Nd7 17. fxg4 {Verdier,P-Laclau,D/Montpellier-B/1989/0-1 (28)}) (7...
Be7 8. e5 Nd5 9. Bxe7 Qxe7 10. Bxc4 Qb4 11. Bxd5 exd5 12. O-O Bg4 13. Qd3 Bxf3
14. gxf3 O-O {0,5/Urban,K-Kuczynski,R/POL-ch (09)/1992/}) 8. Bxc4 Bxc3+ $6 (
8... g5 9. Bg3 Nxe4 10. O-O (10. Qb3 $13) 10... Nxc3 11. Qb3 $44) 9. bxc3 Qa5 {
This should have had been the point, both c3 and e4 pawns are vulnerable. King:
Only Kortschnoj.} (9... g5 10. Bg3 Nxe4 11. Be5 $13) 10. O-O $1 Nxe4 (10...
Qxc3 11. Rc1 $44) 11. Ne5 {Here it became clear, that White has stopped
counting pawns and fully concentrates himself on the unpleasant attack.} Nd7 (
11... Nxc3 12. Qh5 (12. Qf3 O-O (12... Rf8) 13. Be7) 12... Rf8 (12... Qc7 13.
Bd8 $1 $16) 13. Rfe1 $40) 12. Qg4 g5 (12... Nxe5 13. dxe5 Qxe5 (13... Nxc3 14.
Qxg7 Rf8 15. Rfc1 $16) (13... g5 14. Qxe4) 14. Rfe1 f5 15. Qg6+ Kf8 16. Rad1
$18) 13. Qxe4 Nxe5 (13... gxh4 14. Nxf7 $1 $18) 14. dxe5 gxh4 15. Rab1 {
White's compensation is all too obvious. Black lacks development, his B is
locked behind the pawn mass and the only piece in play is Q.} h3 (15... Qxc3
16. Rfd1 Rg8 17. Qxh4 Rg5 18. Rd4 $40) 16. Rfd1 Rg8 (16... hxg2 17. Rd3 Rg8 18.
Qh7 Rf8 19. Qg7 $16) 17. g3 Rg5 (17... Qxc3 18. Rb3 Qa5 19. Qh7 Rf8 20. Qg7 $1
$18 (20. Qxh6 Qxe5 21. Rd8+ Kxd8 22. Qxf8+ Kc7 23. Qxf7+ Kb8 $13)) 18. f4 Rg8 (
18... Rg6 19. Bf1 $16) 19. Bf1 {King: Kasparov realises he doesn't need to
rush. Black's king cannot run very far.} Qxc3 20. Bxh3 f5 21. Qe2 (21. exf6
Qxf6 22. Rd6 $40) 21... Kf8 (21... Rg6 22. Qh5 Kf7 23. Bxf5 Qe3+ 24. Kf1 exf5
25. Rd6 $18) 22. Qh5 Qc5+ (22... Kg7 23. Rxb7+ $1 $18) 23. Kh1 Qe7 24. Rd6 Kg7
(24... Rh8 25. Rbd1 Rh7 26. Qg6 Qf7 27. Rd8+ Ke7 28. Bxf5 $1 $18) 25. Bxf5 $1
Qf7 (25... exf5 26. Rg6+ Kf8 27. Qxh6+ $18) 26. Qxf7+ Kxf7 27. Bxe6+ $1 (27.
Bxe6+ $1 Bxe6 28. Rxb7+ Kf8 29. Rxe6) 1-0

[Event "Interzonal-16"]
[Site "Biel"]
[Date "1993.??.??"]
[Round "9"]
[White "Sokolov, Ivan"]
[Black "Smyslov, Vassily V"]
[Result "1-0"]
[WhiteElo "2610"]
[BlackElo "2520"]
[Annotator "Ftacnik,L"]
[PlyCount "97"]
[EventDate "1993.07.16"]
[EventType "swiss"]
[EventRounds "13"]
[EventCountry "SUI"]
[SourceTitle "CBM 037"]
[Source "ChessBase"]
[SourceDate "1993.12.01"]
[SourceVersion "1"]
[SourceVersionDate "1993.12.01"]
[SourceQuality "1"]

1. d4 Nf6 2. c4 e6 3. Nf3 d5 4. Nc3 Bb4 5. Bg5 c6 $6 (5... h6) (5... Nbd7) 6.
Qc2 Nbd7 7. cxd5 exd5 8. e3 h6 (8... O-O 9. Bd3 $16) 9. Bh4 g5 $5 (9... O-O)
10. Bg3 Ne4 11. Bd3 Qe7 (11... f5 $6 {><e5, f5}) 12. O-O Nxg3 (12... Bxc3 13.
bxc3 h5 14. h4 $16) 13. fxg3 $1 $16 O-O (13... g4 14. Nh4 Qxe3+ 15. Kh1 $40)
14. e4 dxe4 15. Nxe4 f5 16. Nc3 {><f5} Nb6 17. Rae1 Qd6 18. Kh1 Be6 19. Ne5 Kg7
$1 (19... Rae8 $2 20. g4 f4 21. Bh7+ $18) 20. a3 $1 (20. Bxf5 Bxf5 21. Rxf5
Rxf5 22. Qxf5 Rf8 {/\ Nd5<=>}) 20... Bxc3 21. bxc3 Rae8 22. Bxf5 Bxf5 23. Rxf5
Rxf5 24. Qxf5 Rf8 25. Qe4 (25. Qg4 Qxa3) 25... Nd7 26. h4 Nxe5 27. dxe5 Qe6 28.
Kg1 (28. Qe3 gxh4 29. gxh4 Qg4 $132) 28... b6 29. h5 Qf5 30. Qe3 Re8 (30... c5
31. e6) 31. Qe2 {/\ 32. g4 Qf4 33. Qd3+-} (31. e6 $2 Qc5) 31... g4 32. Qe4 Qxh5
$2 (32... Qxe4 33. Rxe4 Kf7 $16) 33. Qxc6 Rf8 34. Qd7+ Rf7 35. Qd4 $18 Kh7 36.
Re4 Rg7 37. Rf4 Qg6 38. Rf6 Qg5 (38... Qb1+ 39. Kh2 Rg5 40. Qd7+ Rg7 41. Rf7
Qg6 (41... Rxf7 42. Qxf7+ Kh8 43. e6) 42. Rxg7+ Qxg7 43. e6) 39. Qe4+ Kh8 40.
Qf4 Kh7 41. Qe4+ Kh8 42. Rf8+ Rg8 43. Rxg8+ Qxg8 (43... Kxg8 44. Qa8+ {/\ Qa7})
44. e6 h5 45. Qe5+ Qg7 46. Qxh5+ Kg8 47. Qe8+ Qf8 48. Qxf8+ Kxf8 49. Kf2 1-0

[Event "Alcobendas m"]
[Site "Alcobendas"]
[Date "1993.??.??"]
[Round "4"]
[White "Kramnik, Vladimir"]
[Black "Illescas Cordoba, Miguel"]
[Result "1-0"]
[WhiteElo "2710"]
[BlackElo "2625"]
[Annotator "Ftacnik,L"]
[PlyCount "77"]
[EventDate "1993.11.??"]
[EventType "match"]
[EventRounds "6"]
[EventCountry "ESP"]
[SourceTitle "CBM 039"]
[Source "ChessBase"]
[SourceDate "1994.04.01"]
[SourceVersion "1"]
[SourceVersionDate "1994.04.01"]
[SourceQuality "1"]

1. d4 d5 2. Nf3 Nf6 3. c4 c6 4. Nc3 e6 5. Bg5 h6 6. Bxf6 Qxf6 7. e3 Nd7 8. Bd3
Qd8 9. O-O Be7 10. a3 O-O 11. Qc2 a6 12. b4 f5 $6 (12... dxc4 13. Bxc4 Bf6 14.
Ne4 e5 $132) 13. c5 $1 Bf6 14. a4 g5 (14... g6 {/\ e5+/=}) 15. b5 a5 16. Ne2
Bg7 17. Rab1 Qe7 18. Nd2 f4 $6 19. exf4 gxf4 20. Rfe1 e5 21. bxc6 bxc6 22. dxe5
Nxe5 23. Nd4 Qf6 24. N2f3 Nxf3+ (24... Nxd3 25. Qxd3 Bg4 26. Rb6 $16) 25. Nxf3
Bf5 26. Rb6 Bxd3 27. Qxd3 Rae8 28. Rxe8 Rxe8 29. h3 Re6 30. Kh2 Qg6 31. Qd2 $1
(31. Qxg6 Rxg6 $13) 31... Qe4 32. Qxa5 Kh7 33. Rb8 Rf6 34. Qc7 d4 (34... Qxa4
35. Qe7 $1 Rg6 36. Qf7 h5 37. h4 Qc2 38. Ng5+ Kh6 39. Rh8+ Bxh8 40. Qh7#) 35.
Rb7 Rg6 36. Qe5 Qc2 (36... Qxe5 37. Nxe5 Re6 38. Nd3 $18) 37. Nh4 (37. Qxd4 $18
) 37... Rg5 38. Qxd4 Qxc5 $2 39. Rxg7+ $1 $18 1-0

[Event "RUS-chT 17th"]
[Site "Dagomys"]
[Date "2010.04.03"]
[Round "3"]
[White "Caruana, Fabiano"]
[Black "Kobalia, Mihail"]
[Result "0-1"]
[WhiteElo "2680"]
[BlackElo "2637"]
[Annotator "Ftacnik,L"]
[PlyCount "88"]
[EventDate "2010.04.01"]
[EventType "team-tourn"]
[EventRounds "9"]
[EventCountry "RUS"]
[SourceTitle "EXT 2020"]
[Source "ChessBase"]
[SourceDate "2019.10.17"]
[SourceVersion "1"]
[SourceVersionDate "2019.10.17"]
[SourceQuality "1"]
[WhiteTeam "Moscow ShSM-64"]
[BlackTeam "Sverdlovsk Ural region"]
[WhiteTeamCountry "RUS"]
[BlackTeamCountry "RUS"]

1. d4 d5 2. c4 c6 3. Nf3 Nf6 4. Nc3 e6 5. Bg5 h6 6. Bh4 dxc4 7. e4 g5 8. Bg3 b5
{The Moscow Variation of the Semi-Slav Defence is too complicated even for
grandmasters. In the praxis of other mortals this unbelievable position
represents a truly rare guest.} 9. Ne5 h5 10. h4 g4 11. Be2 b4 {A provocative
move from the kitchen of chess samurais. Black is not satisfied with the level
of exposure due to his scattered pawns and thus weakens the whole structure of
the queenside - all for the cost of winning the valuable e4-pawn.} (11... Bb7
12. O-O) 12. Na4 Nxe4 13. O-O {The point is to enhance the disparity in
development first, only then will White begin to reap the fruits.} (13. Bxc4
Nxg3 14. fxg3 Bg7 (14... Nd7 15. Nxd7 Qxd7 16. O-O Bb7 17. Qe2 Bg7 18. Rad1 Qe7
19. Nc5 Rh6 20. Kh2 Rd8 21. Qe4 $15 {0-1 Maletin,P (2545)-Kobalia,M (2618)/
Novokuznetsk 2008 (44)}) 15. Nc5 Bxe5 16. dxe5 Qxd1+ 17. Rxd1 Nd7 18. Nxd7 Bxd7
19. Ba6 Rb8 20. Rc1 Ke7 21. Rf1 Rb6 $15 {1/2-1/2 Amura,C (2355)-Delgado Crespo,
M (2298)/San Felipe 1999 (27)}) (13. Bf4 Qf6 14. g3 Bh6 15. Qc2 Bxf4 16. Qxe4
Bxe5 17. dxe5 Qf5 18. Qxf5 exf5 19. Bxc4 Nd7 20. O-O-O Ke7 21. Rhe1 Nb6 22.
Nxb6 axb6 23. Rd6 b5 24. Bb3 c5 $15 {0-1 L'Ami,E (2603)-Motylev,A (2676)/Wijk
aan Zee 2009 (37)}) 13... Bg7 14. Bf4 Qxh4 15. Qc2 {In irrational positions of
similar type the solving of the problems is often a question of a good nose.
Caruana will be working blind, just like his courageous opponent.} (15. Bxc4 g3
16. fxg3 Nxg3 17. Rf3 Qh1+ 18. Kf2 Ne4+ 19. Ke3 Qxd1 20. Rxd1 Nd6 21. Bd3 $11)
15... g3 $1 (15... Nxf2 16. Rxf2 g3 17. Bxg3 Qxg3 18. Qxc4 Bxe5 19. dxe5 Qxe5
20. Bf3 O-O 21. Qxb4 $11) 16. fxg3 Nxg3 17. Bf3 {White rightly believes in the
activity of his pieces and forgets the worries about the immediate material
difference.} (17. Rf3 Qh1+ 18. Kf2 Qxa1 19. Rxg3 Bf6 $17) (17. Bxc4 $5 Nxf1 18.
Rxf1 Qe7 (18... O-O 19. Qd2 Bxe5 20. Bxe5 Nd7 21. Rf4 Qg5 (21... Qe7 22. Rf6
Rd8 23. Qg5+ Kf8 24. Rxf7+ Kxf7 25. Qxh5+ Kf8 26. Qh8+ $11) 22. Rxf7 Qxd2 23.
Rg7+ Kh8 24. Rxd7+ $11) 19. Qe4 O-O 20. Nc5 $11) 17... O-O 18. Qd2 (18. Bxg3
Qxg3 19. Rae1 Nd7 20. Nxc6 Ba6 $17) 18... Nd7 19. Nxc6 (19. Bxg3 Qxg3 20. Nxc6
Qd6 21. Nxb4 Rb8 22. Nc6 Rb5 $15) 19... Ba6 {Kobalia has managed to partially
finish the development of his pieces. One of his hopes is tied to the
potential of the bishop on the a6-f1 diagonal where it is ready to do some
serious damage.} (19... Nxf1 20. Rxf1 Ba6 21. Bg5 Qg3 22. Bf4 $11) 20. Rfe1 (
20. Bg5 $2 Qh1+ 21. Kf2 Nxf1 22. Rxf1 Qxf1+ 23. Kxf1 c3+ $19) (20. Bxg3 $1 Qxg3
21. Ne7+ Kh8 22. Bxa8 Rxa8 23. Rxf7 Bb5 24. Nc5 Nxc5 25. dxc5 c3 26. bxc3 bxc3
$15) 20... Nf5 21. Re4 $2 {The balance on the board has began to shift clearly
in Black's favour, but the weak move by Caruana was probably connected with
some tactical mistake in calculations.} (21. Bg5 Bxd4+ (21... Qg3 22. Bf4 Qg6
23. Be4 $11) 22. Nxd4 Qxd4+ 23. Qxd4 Nxd4 24. Bxa8 Rxa8 25. Rad1 e5 26. Be7 $15
) (21. g3 $5 Qh3 (21... Nxg3 22. Nxb4 Bb5 23. Nc3 Rab8 24. Kg2 Nf5 25. Rh1 Qe7
26. Nxb5 Rxb5 27. Nc6 $11) 22. d5 Nb6 23. Nxb6 c3 24. bxc3 bxc3 25. Qf2 axb6
26. Bg2 Qg4 27. Bf3 Qg6 $15) 21... Nf6 22. Re5 Ng4 23. Rxf5 (23. Bxg4 Bxe5 24.
Nxe5 hxg4 25. Bg5 Qh8 $19) 23... exf5 24. g3 Qh3 (24... Qf6 25. Nc5 Bb5 26. Nd7
$15) 25. Ne7+ Kh8 (25... Kh7 $1 $17) 26. Nxf5 (26. Bxa8 Rxa8 27. Re1 Re8 28.
Ng6+ Kh7 29. Rxe8 Bxd4+ $19) 26... Nh2 $5 {The heat of the fight is attractive
also for Black, since his active pieces are offering sufficient room for
creativity.} (26... Rae8 27. Qg2 Qxg2+ 28. Kxg2 Bc8 $17) 27. Bxa8 Qxf5 28. Bg2
(28. Bh1 $5 Ng4 29. Nc5 Rd8 $1 $17) 28... Ng4 29. Nc5 (29. Qxb4 Bxd4+ 30. Kh1
Rd8 31. Nc3 Kg7 $17) 29... Rd8 $1 {[%mdl 128] This blow must have been on
Kobalia's mind when judging the possibilities in previous moves. The weakness
of the d4-square will finally decide the game.} 30. Nxa6 (30. Be4 Qc8 31. Nxa6
Qxa6 $17) 30... Bxd4+ 31. Kh1 (31. Kf1 Nh2+ 32. Ke1 c3 $19) 31... c3 32. bxc3
bxc3 33. Qe2 c2 34. Rc1 {Caruana has suffered enough in uneasy defence and his
move is linked to the honest ambition of eliminating the dangerous enemy pawn
on c2.} (34. Rf1 Nf2+ 35. Kh2 h4 $1 36. Qe7 Bf6 37. Qxf7 hxg3+ 38. Bxg3 Qg5 39.
Bxf2 Rg8 $19) 34... Nf2+ 35. Kh2 (35. Kg1 Nd3+ 36. Kh1 Nxc1 37. Bxc1 Qe5 $19)
35... Ng4+ (35... h4 36. Rxc2 hxg3+ 37. Bxg3 Qh7+ 38. Kg1 Nh1+ $1 $19) 36. Kh1
Nf2+ 37. Kg1 {The first player has realised, that after repetition of the
moves his royal higness would come under a devastating attack.} (37. Kh2 h4 $1
$19) 37... Nd3+ 38. Kh1 Nxc1 39. Bxc1 Be5 40. Kh2 Rd1 41. Bh3 (41. Be4 Qg4 42.
Qxg4 hxg4 $19) 41... Bxg3+ $1 {The final part of the game will be conducted in
style. The disparate white pieces will stand no chance of withstanding the
pressure of Black' coordinated cohorts.} 42. Kg2 (42. Kxg3 Rd3+ 43. Be3 h4+ 44.
Kg2 Qg6+ $19) 42... Qd5+ 43. Kxg3 Rxc1 44. Qe3 Rg1+ (44... Rg1+ 45. Qxg1 Qg5+
$19) 0-1

[Event "URS-chT Republics 19th final B"]
[Site "Azov"]
[Date "1991.??.??"]
[Round "?"]
[White "Titov, German1"]
[Black "Ivanov, Sergei"]
[Result "0-1"]
[WhiteElo "2505"]
[BlackElo "2360"]
[Annotator "Ftacnik,L"]
[PlyCount "56"]
[EventDate "1991.??.??"]
[EventType "team-tourn"]
[EventRounds "4"]
[EventCountry "URS"]
[SourceTitle "EXT 2020"]
[Source "ChessBase"]
[SourceDate "2019.10.17"]
[SourceVersion "1"]
[SourceVersionDate "2019.10.17"]
[SourceQuality "1"]
[WhiteTeam "Moldova"]
[BlackTeam "Leningrad"]
[WhiteTeamCountry "MDA"]
[BlackTeamCountry "RUS"]

1. Nf3 Nf6 2. c4 e6 3. Nc3 d5 4. d4 dxc4 5. Qa4+ c6 6. Qxc4 b5 7. Qb3 Nbd7 8.
g3 Bb7 (8... b4 9. Na4 Ba6 10. Bg2 Qa5 $132 {Speelman,J-Shvidler,E/Beersheva/
1987/ ->CBM 05}) 9. Bg2 a6 10. O-O (10. a4 $2 b4 11. a5 bxc3 12. Qxb7 Rb8 13.
Qxc6 cxb2 $19) 10... c5 11. Rd1 Qb6 12. Bg5 Be7 13. Bxf6 $6 (13. dxc5 Nxc5 14.
Qc2 $10) 13... Bxf6 14. d5 c4 15. Qc2 Nc5 16. dxe6 (16. Nd2 $5 O-O 17. dxe6
fxe6 18. Nde4) 16... fxe6 17. Nd2 Bxg2 18. Kxg2 Bxc3 (18... O-O 19. Nde4) 19.
Qxc3 (19. bxc3 Qc6+ 20. f3 O-O $15) 19... O-O 20. f3 Rac8 21. Qc2 Qc7 22. b3 $2
(22. Ne4 Qe5 $15) 22... Qe5 23. Nf1 cxb3 24. axb3 Nxb3 $1 25. Qxb3 Qxe2+ 26.
Kh3 (26. Kg1 Rc2 (26... Rxf3 27. Qb4 Rc2 28. Rd8+ Kf7 29. Rd7+ $1) 27. Rd2 Rxd2
28. Nxd2 Qxd2 29. Qxe6+ Kh8 30. Rxa6 Qd1+ 31. Kg2 Qxf3+ 32. Kh3 Qf1+ 33. Kh4 h6
$17) 26... Rxf3 27. Qa2 Rc2 28. Qxa6 Qg2+ {Ftacnik,L} 0-1